A Primer on Scientific Programming with Python /

Saved in:
Bibliographic Details
Main Author: Langtangen, Hans Petter
Format: Book
Language:English
Published: Berlin 2016 Springer
Edition:5th Ed.
Series:Texts in Computational Science and Engineering 6
Subjects:
Tags: Add Tag
No Tags, Be the first to tag this record!

MARC

LEADER 00000nam a22000003a 4500
001 0093089
003 SK-STU
005 20220113081358.9
007 ta
008 220112s ----xo-----e------000-0-----d
020 |a 978-3-662-49886-6 
040 |a STU  |b slo 
041 0 |a eng 
044 |a gw 
100 1 |a Langtangen, Hans Petter 
245 1 0 |a A Primer on Scientific Programming with Python /  |c Hans Petter Langtangen 
250 |a 5th Ed. 
260 |a Berlin  |c Springer  |b 2016 
300 |a 914 s. 
490 0 |a Texts in Computational Science and Engineering  |v 6 
650 0 7 |a počítačový program 
650 0 7 |a aplikovaná matematika 
650 0 7 |a počítačová veda 
996 |b 284M088999  |c M* 14597-1  |l MMKN  |s A  |a 24  |w 0093089_0001